Villes de France en 12 lettres - Carte Quiz - Statistiques

Statistiques générales
  • Ce quiz a été pris 631 fois
  • Le résultat moyen est 12 sur 15
Réponses sur la Carte
Les réponses sont colorées sur une échelle allant du rouge au vert en fonction du pourcentage des utilisateurs qui les ont devinées à leur premier essai. Vous pouvez retrouver ces pourcentages ci-dessous.
 
Statistiques - réponses
Réponse % Correct
Ivry-sur-Seine
90%
Schiltigheim
89%
Saint-Nazaire
88%
Cagnes-sur-Mer
86%
Saint-Étienne
85%
Villeurbanne
84%
Mont-de-Marsan
83%
Valenciennes
83%
Aigues-Mortes
80%
Le Puy-en-Velay
80%
Joué-lès-Tours
77%
Saint-Quentin
68%
Pont-l'Evêque
64%
Pont-à-Mousson
60%
Grande-Synthe
56%
Aucun quiz correspondant
Distribution des résultats
% des personnes avec chaque résultat
Percentile par nombre de réponses
Votre historique - résultats
Vous n’avez pas pris ce quiz